| 000 | 00478cam a2200193ua 4500 | ||
|---|---|---|---|
| 001 | 11220 | ||
| 008 | 190904n ii |||gr||||Z||||||eng | ||
| 020 | _a9789386302717 | ||
| 040 | _cMAIN | ||
| 041 | _aeng | ||
| 082 | _a351 | ||
| 100 |
_aHaren Chandra Kalita, _eAuthor. |
||
| 245 |
_aPublic administration _cBy Haren Chandra Kalita |
||
| 250 | _a1st ed. | ||
| 260 |
_aGuwahati: _bEBH publishers, _c2018. |
||
| 300 | _a146p. | ||
| 653 | _aPublic administration | ||
| 942 | _cBK | ||
| 999 |
_c10082 _d10082 |
||